000 00558nam a22001931c 4500
001 517432242
008 080708s2006 gw |||| 000u rus d
020 _a3898215032
_93-89821-503-2
041 _arus
_aeng
100 1 _aLuk'janov, Michail N.
245 0 0 _aRossijskij konservatizm i reforma, 1907 - 1914
246 1 0 _aRussian conservatism and reform, 1907 - 1914
264 _aStuttgart :
_bIbidem-Verl.,
_c2006
300 _a282 S. ; 21 cm
700 1 _aSteinberg, Mark D.
_eVerfasserIn
942 _cMG
040 _cRU-10907106
003 RU-10907106
999 _c19417
_d19417